000 00261nam a2200109Ia 4500
005 20251222114354.0
008 251222s1900||||xx |||||||||||||| ||spa||
082 _aDVD0093/E97
245 0 _aGreater sconfiggere l“AIDS.
264 _bExitu, Emmanuel.
942 _cDVD
999 _c1366
_d1366